000 00879nam a22002297a 4500
005 20100813142754.0
010 _aENG-100385
020 _a9788189965020
_c200.00
035 _aEN-83917
037 _bDBAD/PUB
082 _a332.1091767
100 _aMohammed Obaidullah
_912700
245 _aIslamic financial market :
_btowards greater ethics & efficiency /
_cby Mohammed Obaidullah
260 _aNew Delhi
_bInstitute of objective studies
_c2007
270 _aB-35,Nizamuddin West
_bNew Delhi
_e110013
300 _avi, 215p.
_c21cm (pbk)
500 _aIncludes bibliogaraphical refereces and index
650 _aBank & Banking
_912701
650 _aFinance
_912702
942 _2ddc
_cEN
_h332.1091767
_mMOH
999 _c41644
_d41644